Análisis del alcance y aplicación de la inteligencia naval en el ámbito de los retos a la Seguridad y Defensa Nacional, periodo 2010-2013 / (Registro nro. 1146)

Detalles MARC
000 -CABECERA
campo de control de longitud fija 01785nam a22002537a 4500
003 - IDENTIFICADOR DEL NÚMERO DE CONTROL
campo de control OSt
005 - FECHA Y HORA DE LA ÚLTIMA TRANSACCIÓN
campo de control 20190722214718.0
008 - DATOS DE LONGITUD FIJA--INFORMACIÓN GENERAL
campo de control de longitud fija 170306b xxu||||| |||| 00| 0 esp d
040 ## - FUENTE DE LA CATALOGACIÓN
Centro/agencia transcriptor DO-SdBJH
Centro catalogador/agencia de origen DO-SdBJH
Lengua de catalogación spa
090 ## - LOCALMENTE ASIGNADO TIPO-LC NÚMERO DE CLASIFICACIÓN (OCLC); NÚMERO DE CLASIFICACIÓN LOCAL (RLIN)
Número de clasificación (OCLC) (R) ; Numero de clasificación, CALL (RLIN) (NR) TG EGCEMN
Número cutter local (OCLC) ; Número de libro/Signatura topográfica íntegra, CALL (RLIN) 00811 2014
100 1# - ENTRADA PRINCIPAL--NOMBRE DE PERSONA
Nombre de persona Oleaga, José
Término indicativo de función/relación sustentante
245 10 - MENCIÓN DE TÍTULO
Título Análisis del alcance y aplicación de la inteligencia naval en el ámbito de los retos a la Seguridad y Defensa Nacional, periodo 2010-2013 /
Mención de responsabilidad, etc. José Oleaga, asesores Marisol Magallanes Ynoa, Augusto Lizardo González
260 ## - PUBLICACIÓN, DISTRIBUCIÓN, ETC.
Lugar de publicación, distribución, etc. Santo Domingo Este :
Nombre del editor, distribuidor, etc. INSUDE,
Fecha de publicación, distribución, etc. 2014
300 ## - DESCRIPCIÓN FÍSICA
Extensión xx, 64 páginas, ilustraciones, fotos, cuadros, gráficas
502 ## - NOTA DE TESIS
Nota de tesis Tesis (Especialidad en Comando y Estado Mayor Naval). -- Instituto Superior para la Defensa (INSUDE). Escuela de Graduados de Estudios Superiores Navales, 2014.
504 ## - NOTA DE BIBLIOGRAFÍA, ETC.
Nota de bibliografía, etc. Incluye referencias bibliográficas e índices
505 ## - NOTA DE CONTENIDO CON FORMATO
Nota de contenido con formato Características necesarias para la correcta coordinación de los organismos que conforman el Sistema Nacional de inteligencia. -- Beneficios que proporcionan los Sistema de Inteligencia Internacionales al Sistema Nacional de Inteligencia. -- Rol de la Inteligencia Naval dentro del subsistema Nacional de Inteligencia de las Fuerzas Armadas, análisis e interpretación de la labor realizada por la división de Inteligencia Naval (M-2) durante el periodo 2010-2013.<br/>
650 #4 - PUNTO DE ACCESO ADICIONAL DE MATERIA--TÉRMINO DE MATERIA
Término de materia o nombre geográfico como elemento de entrada Sistema nacional de inteligencia nacional -- deberes de la división de inteligencia (M-2)
651 #4 - PUNTO DE ACCESO ADICIONAL DE MATERIA--NOMBRE GEOGRÁFICO
Nombre geográfico República Dominicana -- Rol de la inteligencia naval
700 1# - PUNTO DE ACCESO ADICIONAL--NOMBRE DE PERSONA
Nombre de persona Magallanes Ynoa, Marisol
Término indicativo de función/relación asesor
700 1# - PUNTO DE ACCESO ADICIONAL--NOMBRE DE PERSONA
Nombre de persona Lizardo González, Augusto
Término indicativo de función/relación asesor
830 ## - PUNTO DE ACCESO ADICIONAL DE SERIE-TÍTULO UNIFORME
Título uniforme INSUDE. “Escuela de Graduados de Estudios Superiores Navales”. Tesis y disertaciones académicas
942 ## - ELEMENTOS DE PUNTO DE ACCESO ADICIONAL (KOHA)
Fuente del sistema de clasificación o colocación Clasificación Local
Tipo de ítem Koha Tesis
Existencias
Estado de retiro Estado de pérdida Fuente del sistema de clasificación o colocación Estado dañado No para préstamo Código de colección Localización permanente Ubicación/localización actual Fecha de adquisición Número de inventario Total de préstamos Signatura topográfica completa Código de barras Fecha visto por última vez Número de copia Precio válido a partir de Tipo de ítem Koha
    Clasificación Local   Préstamo Interno Trabajos de Grado e Investigción SIBM UNADE - Biblioteca Sede Central SIBM UNADE - Biblioteca Sede Central 03/06/2017 14-00811   TG EGCEMN 00811 2014 14-00811 10/06/2018 e.1 03/06/2017 Tesis
© Copyright 2016. Universidad Nacional para la Defensa.Todos los derechos reservados.

 

Designed & Maintained by: https://www.sibdweb.com.do
Sistema de Información & Bibliotecas (SIBD). Contact: pbrito2005@gmail.com